| 000 | 00610nam a22001817a 4500 | ||
|---|---|---|---|
| 999 |
_c63265 _d63265 |
||
| 005 | 20250711130836.0 | ||
| 008 | 250711s2009 ge ||||| |||| 00| 0 ger d | ||
| 020 | _a9783464212332 X | ||
| 041 | _ager | ||
| 080 | _a811.112.1 L-64 | ||
| 100 |
_aLevy-hillerich, Dorothea _925638 |
||
| 245 |
_a Kommunikation im Tourismus: _bKursbuch / _cDorothea Lévy-Hillerich |
||
| 260 |
_aPlzen: _b Fraus, _c2009. |
||
| 300 |
_a150 p.: _bIllus; Diagramme, _c + 1 CD-ROM _e26 cm. |
||
| 653 | _aKommunikation im Tourismus | ||
| 653 | _aკომუნიკაცია ტურიზმში | ||
| 942 |
_2udc _cᲬᲘᲒᲜᲘ |
||